000 00489nam a2200169 i 4500
001 bg
245 0 _aWspółczesne zagadnienia dynamiki maszyn :
_bpraca zbiorowa.
260 _aWrocław :
_bZakład Narodowy im. Ossolińskich,
_c1976.
650 9 _aMaszyny
_xmechanika
655 _aMateriały konferencyjne
700 1 _aSZEMPLIŃSKA-, STUPNICKA
_bWanda.
_eRed.
040 _cBPK
041 _apol
080 _a621.01(061)
942 _cKS
008 s pl f |000 0 pol
999 _c16887
_d16887
856 _uhttp://koha.tu.koszalin.pl/cgi-bin/koha/opac-detail.pl?biblionumber=16887
_yKatalog online BPK